Statistiques concernant Équipe d'Allemagne de Football - Coupe du Monde 2014

Cliquez ici pour prendre le quiz!

Statistiques générales

  • Ce quiz a été pris 66 fois
  • Le résultat moyen est 14 sur 24

Statistiques - réponses

No Joueur Club % Correct
1Manuel NeuerBayern Munich
98%
8Mesut ÖzilArsenal
93%
20Jérôme BoatengBayern Munich
89%
13Thomas MüllerBayern Munich
89%
5Mats HummelsBorussia Dortmund
84%
11Miroslav KloseLazio Rome
84%
6Sami KhediraReal Madrid
80%
19Mario GötzeBayern Munich
78%
16Philipp LahmBayern Munich
76%
18Toni KroosBayern Munich
71%
Ent.Joachim Löw
62%
9André SchürrleChelsea
60%
17Per MertesackerArsenal
56%
7Bastian SchweinsteigerBayern Munich
56%
10Lukas PodolskiArsenal
53%
4Benedikt HöwedesSchalke 04
44%
14Julian DraxlerSchalke 04
42%
21Shkodran MustafiSampdoria
40%
22Roman WeidenfellerBorussia Dortmund
36%
3Matthias GinterSC Fribourg
24%
23Christoph KramerBorussia M'gladbach
20%
12Ron-Robert ZielerHanovre 96
16%
2Kevin GroßkreutzBorussia Dortmund
13%
15Erik DurmBorussia Dortmund
11%

Distribution des résultats

Percentile par nombre de réponses

% des personnes avec chaque résultat

Votre développement - résultats

Vous n’avez pas pris ce quiz